World Capitals starting with S (with hints) - Statistics

General Stats
  • This quiz has been taken 39 times
    18 since last reset
  • The average score is 14 of 18
Answer Stats
Continent Capital % Correct
Oceania Suva
100%
North America St George's
90%
North America St John's
90%
Europe Stockholm
90%
North America San José
80%
Europe San Marino
80%
North America San Salvador
80%
South America Santiago
80%
North America Santo Domingo
80%
Europe Sarajevo
80%
Europe Skopje
80%
South America Sucre
80%
Asia Sana'a
70%
Africa Sao Tomé
70%
Asia Seoul
70%
Asia Singapore
60%
Asia Sri Jayawardenepura Kotte
60%
Europe Sofia
50%
No matching quizzes found
Score Distribution
Percent of People with Each Score
Percentile by Number Answered
Your Score History
You have not taken this quiz since the last reset